Microsoft excel 2002 (Record no. 85003)

MARC details
000 -LEADER
fixed length control field 00326nam a2200133 a 4500
008 - FIXED-LENGTH DATA ELEMENTS--GENERAL INFORMATION
fixed length control field 120416s2002 ||||||||||||||||| || u
020 ## - INTERNATIONAL STANDARD BOOK NUMBER
International Standard Book Number 0072470321
050 ## - LIBRARY OF CONGRESS CALL NUMBER
Classification number HF 5548.4.M523 Haa
100 ## - MAIN ENTRY--PERSONAL NAME
Personal name Haag, Stephen
245 10 - TITLE STATEMENT
Title Microsoft excel 2002
260 ## - PUBLICATION, DISTRIBUTION, ETC.
Place of publication, distribution, etc. Boston
Name of publisher, distributor, etc. McGraw-Hill
Date of publication, distribution, etc. 2002
300 ## - PHYSICAL DESCRIPTION
Extent xx, : ill.
942 ## - ADDED ENTRY ELEMENTS (KOHA)
Source of classification or shelving scheme

No items available.